| 000 | 00581nam a2200205 a 4500 | ||
|---|---|---|---|
| 005 | 20240924064554.0 | ||
| 008 | 991125s1991 bue 000 0 spa u | ||
| 020 | _a9509095303 | ||
| 035 | _aUPN01000055325 | ||
| 049 | _aCG | ||
| 050 | 4 |
_aLB1049 _bP4.8 |
|
| 100 | 1 |
_aPérez Alvarez, Sergio _928611 |
|
| 245 | 1 | 0 |
_aTaller didáctico : _bnivel pre-primario / _cSergio Pérez Alvarez. |
| 260 |
_aBuenos Aires : _bBraga, _c1991. |
||
| 300 |
_a203 p. : _bil. |
||
| 650 | 4 |
_aEducación preescolar _91517 |
|
| 650 | 2 |
_aRecursos educativos _99810 |
|
| 905 | _aLibro | ||
| 999 |
_c55325 _d55325 |
||